000 00524nam a2200181Ia 4500
008 090123s9999 xx 000 0 und d
082 _b11920
100 _aइंगळे मधुकर
245 _aभारतीय संत
250 _a1
260 _bमंगल प्रकाशन
_c1984
300 _a28
600 _aइंगळे मधुकर
630 _aभारतीय संत
700 _aइंगळे मधुकर
730 _aभारतीय संत
942 _cBOOK
999 _c49984
_d49984